| 000 | 00966nas a2200289 4500 | ||
|---|---|---|---|
| 001 | BR7800801 | ||
| 003 | BR-BrBNA | ||
| 005 | 20231205083326.0 | ||
| 007 | ta | ||
| 008 | 230509b bl.|||p| |||| 00| 00por d | ||
| 040 |
_aBR-BrBNA _bpor _cBiblioteca Nacional de Agricultura |
||
| 041 | _a(Pt) | ||
| 072 | _aM10 | ||
| 100 | 1 | _aGurgel, J.J.S. | |
| 100 | 1 | _aSilva, J.W.B. e | |
| 100 | 1 | _aDuarte, E. de A. | |
| 245 | 1 | _aA escada de peixe do acude publico Mendubim (Acu, Rio Grande do Norte)e sua eficiencia para a curimata comum (Prochilodus cearensis)(Steindachnes, 1911)[Brasil] | |
| 650 | _aCURIMATA | ||
| 650 | _aPEIXE DE AGUA DOCE | ||
| 650 | _aESCADA DE PEIXE | ||
| 650 | _aACUDE | ||
| 650 | _aACU | ||
| 650 | _aRIO GRANDE DO NORTE | ||
| 773 | 0 |
_tBoletim Tecnico - Departamento Nacional de Obras Contra as Secas (Brazil) _xISSN 0374-6658 _g(Jan 1977), v. 35(1) p. 51-59 _wBR7800801 |
|
| 909 |
_a202311 _bLúcia _c55 _dLúcia Elande |
||
| 942 |
_2AGRIS _n0 _cANA |
||
| 999 |
_c97998 _d97998 |
||